000 02015nam a2200469Ii 4500
001 DIGICESI0036
003 NyNyDIG
006 m o d
007 cr |||||||||||
008 211114s2018 ck ob 001 0 spa d
035 _a(OCoLC)1287831137
040 _aDGITA
_beng
_erda
_epn
_cDGITA
020 _a9789587656688
_qeBook
_qpdf
020 _z9789587656671
043 _as-ck---
050 1 4 _aHC198.V3 ebook
245 0 0 _aHistoria, política y sociedad :
_binvestigaciones sobre ámbitos de la realidad moderna y contemporánea del Valle del Cauca /
_ccompiladores, Rafael Silva Vega, Adriana Santos Delgado, Antonio José Echeverry.
246 3 0 _aInvestigaciones sobre ámbitos de la realidad moderna y contemporánea del Valle del Cauca
250 _aPrimera edición.
264 1 _aCali :
_bEditorial Universidad Icesi,
_c[2018]
300 _a1 online resource.
336 _atext
_btxt
_2rdacontent
337 _acomputer
_bc
_2rdamedia
338 _aonline resource
_bcr
_2rdacarrier
347 _atext file
_2rdaft
347 _bPDF
504 _aIncludes bibliographical references and index.
588 0 _aOnline resource; title from PDF title page (Digitalia, viewed November 14, 2021)
651 0 _aValle del Cauca (Colombia)
_xEconomic conditions.
651 0 _aValle del Cauca (Colombia)
_xPolitics and government.
651 0 _aValle del Cauca (Colombia)
_xSocial conditions.
655 0 _aElectronic books.
700 1 _aSilva Vega, Rafael,
_eeditor.
700 1 _aSantos Delgado, Adriana,
_eeditor.
700 1 _aEcheverry P., Antonio José
_q(Echeverry Pérez),
_eeditor.
791 2 _aDigitalia (Firm),
_edistributor.
793 0 _gDigitalia eBook Collection:
_aUniversidad Icesi
776 0 8 _iPrint version:
_tHistoria, política y sociedad.
_bPrimera edición.
_dCali : Editorial Universidad Icesi, [2018]
_z9789587656671
856 4 0 _3Digitalia Hispánica
_uhttps://www.digitaliapublishing.com/a/101450/
910 _aPremium collection: 2021
942 _cRAA
999 _c268196
_d268196